[Event "POL-chT Ekstraliga 2018"]
[Site "Gorzow"]
[Date "2018.06.09"]
[Round "2"]
[White "Warakomska, Anna"]
[Black "Socko, Monika"]
[Result "0-1"]
[WhiteElo "2349"]
[BlackElo "2458"]
[Annotator "TA"]
[PlyCount "132"]
[EventDate "2018.06.08"]
[EventType "team-tourn"]
[EventCountry "POL"]
[SourceTitle "playchess.com"]
[Source "ChessBase"]
[SourceQuality "1"]

{[%evp 21,132,32,31,20,31,17,82,70,83,84,91,80,85,83,89,100,71,30,49,18,18,12,28,0,0,0,0,0,-18,-58,-22,-55,-53,-50,-53,-78,-78,-90,-92,-85,-79,-70,-63,-104,-91,-81,-62,-27,-35,-68,0,-135,-107,-236,-227,-228,-247,-220,-93,-342,-320,-415,-423,-417,-408,-438,-431,-487,-477,-468,-416,-553,-552,-541,-552,-558,-537,-551,-538,-522,-514,-554,-472,-464,-458,-431,-489,-452,-444,-620,-590,-582,-571,-844,-818,-1201,-1153,-1276,-2442,-3028,-1726,-1601,-1431,-29972,-29972,-29971,-29972,-29963,-29965,-29974,-29974,-29974,-29975]} 1. e4 e6 2. d4 d5 3. Nc3 Bb4 4. e5 Ne7 5. a3 Bxc3+ 6. bxc3 b6 7. Qg4 Ng6 8. h4 h5 9. Qd1 {C16: French: 3 Nc3 Bb4 4 e5: Lines without ...c5} (9. Qg3 Ba6 10. Bxa6 Nxa6 11. Ne2 Qd7 12. a4 c5 13. O-O Rc8 14. Qd3 Nb8 15. Bg5 Nc6 16. Ng3 Nge7 17. Rfd1 cxd4 18. cxd4 Nf5 19. Nxf5 exf5 {1-0 (68) Hou,Y (2635)-Kramnik,V (2810) Medias 2016}) 9... c5 10. Bb5+ Bd7 11. Bd3 Ba4 {LiveBook: 7 Games} 12. Bg5 Qc7 13. Nf3 $146 ({Predecessor:} 13. Rb1 Nc6 14. Nh3 cxd4 15. cxd4 Nxd4 16. Bxg6 Qxe5+ {½-½ (29) De Pinho,M (2047)-Trzcinski,I (2148) ICCF email 2012}) 13... cxd4 (13... Ne7 $11 {remains equal.}) 14. cxd4 $16 Qc3+ 15. Kf1 Nc6 16. Qc1 Na5 17. Bd2 Qc6 18. Bxa5 bxa5 19. g3 Rc8 {[%cal Ra4c2]} 20. Kg2 (20. Rb1 {is interesting.} Bxc2 21. Bxc2 Qxc2 22. Qxc2 Rxc2 23. Rb7) 20... Bxc2 21. Bxc2 Qxc2 22. Qxc2 (22. Qg5 {looks sharper.} Qf5 23. Qxf5 exf5 24. Rhc1 O-O 25. Rab1) 22... Rxc2 23. Rhc1 Rxc1 24. Rxc1 $11 {[%mdl 4096] Endgame KRN-KRN} Kd7 25. Rc5 Ne7 26. Rxa5 Nc6 27. Rb5 {Hoping for Rb7+.} Rc8 28. Kf1 {[#]} Nd8 $1 29. Nd2 Rc1+ 30. Ke2 Ra1 31. Rb3 Nc6 32. Ke3 Kc7 33. Rc3 a5 {[%cal Ba7a5,Ba5a4][%mdl 32]} 34. Nf3 $1 f6 35. Kf4 Ra2 (35... Kd7 $15) 36. Ke3 (36. g4 $11) 36... a4 $17 37. Rd3 (37. Ne1 $17 fxe5 38. Nc2) 37... Kd7 $19 38. exf6 gxf6 39. Nd2 Kd6 (39... Na7 $19 {has better winning chances.} 40. Nb1 Ra1) 40. f4 $2 (40. Nb1 $17 {might work better.}) 40... Na5 41. Rc3 {[#]} Nb3 $1 {[%mdl 512]} 42. Nf3 (42. Nxb3 Rxa3) 42... Rxa3 43. Ne1 Ra1 44. Nd3 Rg1 45. Kf2 Rb1 46. Nc5 Rb2+ 47. Ke3 Nxc5 48. Rxc5 {KR-KR} Rb3+ 49. Kf2 Rd3 50. Ra5 Rxd4 51. Ra6+ Ke7 52. Ra7+ Kf8 53. Ke3 Rb4 54. Kd2 Rb2+ 55. Kc3 Rb3+ 56. Kd4 {White hopes to continue with f5.} Rxg3 57. f5 Rg4+ 58. Kc5 exf5 {[%cal Be6f5,Bf5f4,Bf4f3][%mdl 32]} 59. Kxd5 Re4 60. Rh7 a3 61. Ra7 Re3 62. Kd4 f4 {Black mates.} 63. Ra5 Kg7 64. Ra7+ Kg6 65. Ra5 Rb3 66. Kc4 f3 {Precision: White = 42%, Black = 80%.} 0-1

[Event "POL-chT Ekstraliga 2018"]
[Site "Gorzow"]
[Date "2018.06.09"]
[Round "2"]
[White "Tomaszewski, Roman"]
[Black "Wieczorek, Oskar"]
[Result "0-1"]
[WhiteElo "2265"]
[BlackElo "2469"]
[Annotator "TA"]
[PlyCount "110"]
[EventDate "2018.06.08"]
[EventType "team-tourn"]
[EventCountry "POL"]
[SourceTitle "playchess.com"]
[Source "ChessBase"]
[SourceQuality "1"]

{[%evp 9,109,5,14,0,0,0,0,-8,0,-10,26,-33,-7,-12,0,-39,-41,-78,-76,-67,-73,-82,-70,-82,-85,-95,-89,-102,-95,-93,-104,-108,-96,-103,-82,-106,-77,-106,-110,-122,-99,-158,-172,-213,-91,-131,-117,-130,-121,-131,-141,-131,-122,-151,-138,-225,-172,-249,-133,-337,-307,-345,-343,-307,-313,-520,-365,-339,-348,-481,-472,-671,-667,-727,-706,-2782,-2680,-1948,-761,-649,-453,-756,-738,-939,-922,-922,-922,-850,-672,-915,-915,-904,-903,-1206,-1213,-1172,-1171,-1194,-1187,-29998,-29999,-29999]} 1. c4 Nf6 2. Nc3 g6 3. g3 Bg7 4. Bg2 O-O 5. e3 e6 6. Nge2 {A16: English Opening: 1...Nf6 with ...d5} d5 7. cxd5 exd5 8. O-O {The position is equal.} (8. d4 a5 9. O-O c6 10. f3 Na6 11. e4 Be6 12. e5 Nd7 13. Nf4 Nc7 14. Be3 f6 15. Nxe6 Nxe6 {½-½ (15) Galego,L (2518)-Vescovi,G (2646) Sao Paulo 2005}) 8... Re8 9. d4 c6 10. b4 (10. f3 $11) 10... a6 11. a4 $146 Bf5 12. Bb2 Nbd7 {[%cal Bb8d7,Bd7b6,Bb6c4][%mdl 32]} 13. b5 Nb6 14. bxc6 bxc6 15. Bc1 Nc4 16. Nf4 Rb8 17. Nd3 Qa5 18. Ne2 Ne4 {Strongly threatening ...Nc3.} 19. Ra2 h5 20. h3 Bh6 21. Ne5 Nxe5 22. dxe5 Rxe5 23. Bb2 Re7 24. Nd4 Bd7 25. Nb3 (25. Ne2 $142) 25... Qb6 $1 $17 {[%cal Rb6b3]} 26. Nd4 Bg7 (26... c5 $19 27. Nf3 Qd6) 27. a5 Qb7 {...c5 is the strong threat.} 28. Ba1 c5 29. Ne2 Bxa1 30. Qxa1 Bb5 31. Rb1 Qd7 $1 $36 {[%mdl 2048] White is under strong pressure.} 32. Nf4 (32. Nc3 $17) 32... Rd8 33. Rd1 {[#]} (33. Bxe4 {might work better.} Rxe4 34. Qf6) 33... Qf5 (33... d4 $1 $19 {Threatens to win with ...Nc3.} 34. Ra3 Ree8 35. exd4 cxd4) 34. g4 $2 (34. h4 $17) 34... hxg4 $19 35. hxg4 {[#]} Qg5 $1 ({Inferior is} 35... Qxg4 36. Nxd5 Rxd5 37. Rxd5 $11) 36. Nh3 Qh4 (36... Qxg4 37. f3 $17) 37. f3 $2 (37. Rc2) 37... Ng5 38. Nxg5 Qxg5 39. e4 d4 {[%cal Bd5d4,Bd4d3][%mdl 32]} 40. Ra3 (40. Rf2 $142 d3 41. Qc3) 40... d3 41. Kf2 Qh4+ 42. Ke3 Qg3 {( -> ...Rxe4+!)} 43. Qf6 Qxg2 (43... Rde8 $142 44. Qxe7 Rxe7 45. Rdxd3 Bxd3 46. Rxd3 Qxg2) 44. Qxe7 Qe2+ 45. Kf4 Re8 ({Not} 45... Qxd1 46. Qxd8+ Kg7 47. Ra2 $11) 46. Qxe8+ Bxe8 47. Raxd3 Qh2+ 48. Ke3 Bb5 49. Rd5 c4 50. Rc5 Kg7 51. Rdd5 Qg1+ 52. Kf4 Qc1+ 53. Ke5 Qg5+ 54. Kd6 Qd8+ 55. Ke5 Qf6# {Precision: White = 47%, Black = 62%.} 0-1

[Event "POL-chT Ekstraliga 2018"]
[Site "Gorzow"]
[Date "2018.06.09"]
[Round "2"]
[White "Lach, Aleksandra"]
[Black "Zawadzka, Jolanta"]
[Result "0-1"]
[WhiteElo "2209"]
[BlackElo "2434"]
[Annotator "TA"]
[PlyCount "66"]
[EventDate "2018.06.08"]
[EventType "team-tourn"]
[EventCountry "POL"]
[SourceTitle "playchess.com"]
[Source "ChessBase"]
[SourceQuality "1"]

{[%evp 18,66,0,-3,29,12,2,0,0,9,30,26,16,9,22,26,19,8,54,0,27,-3,14,-21,12,7,28,-33,29,13,97,77,101,-105,-102,-83,47,-149,-158,-229,-208,-260,-253,-937,-931,-931,-930,-927,-897,-957,-952]} 1. e4 c5 2. Nc3 Nc6 3. g3 g6 4. Bg2 Bg7 5. d3 e6 6. Nge2 Nge7 7. Bg5 d6 8. O-O Nd4 9. Qd2 O-O 10. Rab1 {LiveBook: 3 Partien. B25: Sizilianisch (Geschlossenes System)} (10. Rae1 e5 11. Nxd4 cxd4 12. Bxe7 Qxe7 13. Nd5 Qd8 14. f4 Be6 15. f5 Bxd5 16. exd5 Bf6 17. fxg6 hxg6 {0-1 (62) Jobava,B (2730)-Wojtaszek,R (2717) Poznan 2012}) 10... Re8 $146 ({Vorgänger:} 10... Rb8 11. Nd1 b6 12. f3 Nxe2+ 13. Qxe2 h6 14. Be3 f5 15. Qd2 Kh7 16. d4 d5 17. exf5 Nxf5 18. c3 e5 19. dxe5 d4 20. cxd4 Nxe3 {½-½ (20) Mariano,N (2437)-Nguyen,T (2312) Kuala Lumpur 2006}) 11. Nxd4 cxd4 12. Ne2 {Die Stellung ist ausgeglichen.} Qb6 13. Bh6 Bh8 14. Kh1 Bd7 15. c4 dxc3 16. bxc3 Qa6 17. Be3 Nc6 18. f4 (18. c4 $14) 18... Rac8 19. Bg1 Rc7 20. Rf3 Rec8 21. g4 {[%cal Bg3g4,Bg4f5][%mdl 32]} Bg7 22. Rh3 (22. f5 $11) 22... Ne7 ({Günstiger ist} 22... f5 $15) 23. f5 $11 exf5 (23... d5 $1 $11) 24. gxf5 $16 d5 25. Rf1 $2 (25. Bd4 $16 {ist nötig, um Vorteil zu sichern.} f6 26. Nf4) 25... dxe4 $17 26. dxe4 Re8 (26... Bb5 $17 27. Rf2 Bxe2 28. Qxe2 Qxe2 29. Rxe2 b6) 27. Bd4 $2 {[#]} (27. Qf4 $14 {behält die Oberhand.} Qc4 28. Nd4) 27... Nxf5 $1 {[%mdl 512]} 28. exf5 (28. Qf4 $17 Qc4 29. exf5 Rxe2 30. Qh4) 28... Rxe2 $19 ({Auf keinen Fall} 28... Qxe2 29. Qf4) 29. Qg5 {zielt auf Dd8+ ab.} Bc6 30. Qd8+ $2 (30. Bxc6 Qxc6+ 31. Rhf3) 30... Re8 {Schwarz steht klar auf Gewinn.} 31. Qxe8+ Bxe8 32. f6 Bf8 33. Re1 Bc6 {Precision: Weiß = 26%, Schwarz = 22%.} 0-1

[Event "POL-chT Ekstraliga 2018"]
[Site "Gorzow"]
[Date "2018.06.09"]
[Round "2"]
[White "Przezdziecka, Ewa"]
[Black "Szczepkowska, Karina"]
[Result "0-1"]
[WhiteElo "2165"]
[BlackElo "2412"]
[Annotator "TA"]
[PlyCount "84"]
[EventDate "2018.06.08"]
[EventType "team-tourn"]
[EventCountry "POL"]
[SourceTitle "playchess.com"]
[Source "ChessBase"]
[SourceQuality "1"]

{[%evp 12,84,22,20,19,0,0,-17,-18,-7,-12,-57,-18,-50,-60,-54,-26,-37,-11,-59,-49,-61,-58,-100,-80,-129,-97,-216,-146,-151,-129,-156,-158,-144,-158,-337,-353,-516,-510,-480,-364,-470,-407,-384,-253,-232,-198,-150,-134,-120,-100,-118,-108,-155,-121,-187,-155,-145,-150,-151,-79,-79,-38,-474,-316,-710,-695,-1316,-1322,-1320,-1299,-1206,-1156,-1082,-1087]} 1. d4 Nf6 2. Nf3 d6 3. Bf4 g6 4. e3 Bg7 5. h3 O-O 6. Be2 Nfd7 7. c3 e5 {A48: 1 d4 Nf6 2 Nf3 g6: Torre, London and Colle Systems} 8. Bh2 Nc6 9. dxe5 (9. a4 f5 10. b4 Qe7 11. Na3 Nd8 12. Nc4 Nf7 13. Qc2 e4 14. Nfd2 d5 {1-0 (55) Wang,Y (2690)-Salem,A (2638) Riadh 2017}) 9... dxe5 {The position is equal.} 10. O-O Qe7 11. Na3 a6 $146 ({Predecessor:} 11... Nc5 12. Nd2 Rd8 13. Qc2 Bf5 14. Qc1 Rd7 {0-1 (64) Le,K (2277)-Zhang,X (2340) Subic Bay 2009}) 12. e4 Nc5 13. Qc2 b5 14. Nb1 f5 15. Nfd2 Be6 16. b4 Na4 $1 17. a3 Rad8 18. Re1 Kh8 19. f3 (19. Nb3 $17) 19... Qg5 $36 {[%mdl 2048] Black has strong initiative.} 20. Kh1 Rd7 21. exf5 gxf5 22. f4 Qh6 23. Nf3 $2 {[#]} (23. fxe5 $17 Nxe5 24. Nf3) 23... e4 $19 ({Less strong is} 23... exf4 24. Qc1 $17) 24. Ne5 (24. Nfd2 $142) 24... Nxe5 25. fxe5 Nb6 26. a4 Nc4 27. axb5 axb5 28. Ra6 Nxe5 29. Bxb5 Rdd8 30. Qc1 {[#] aiming for Qxh6.} Qg6 31. Qf4 Qf7 32. Bf1 c6 33. Ra5 (33. Bg1 $17) 33... Nd3 34. Bxd3 Rxd3 35. Rc5 Rfd8 ({Better is} 35... Bd5 36. Bg1 Re8) 36. Rxc6 $17 Rd1 37. Qh4 $2 {[%mdl 8192]} ({Only move:} 37. Rg1 $1 $15) 37... Bb3 38. Rc7 $2 (38. Nd2 R1xd2 39. Bf4) 38... Qf6 $19 {Black is clearly winning.} 39. Bg3 Qxh4 40. Bxh4 Rxe1+ 41. Bxe1 Rd1 42. Rc8+ Bg8 {Precision: White = 22%, Black = 57%.} 0-1

[Event "POL-chT Ekstraliga 2018"]
[Site "Gorzow"]
[Date "2018.06.09"]
[Round "2"]
[White "Leks, Maria"]
[Black "Sliwicka, Alicja"]
[Result "0-1"]
[WhiteElo "2145"]
[BlackElo "2274"]
[Annotator "NA"]
[PlyCount "124"]
[EventDate "2018.06.08"]
[EventType "team-tourn"]
[EventCountry "POL"]
[SourceTitle "playchess.com"]
[Source "ChessBase"]
[SourceQuality "1"]
[TimeControl "40/5400+30:1800+30"]

1. d4 {[%emt 0:00:00]} Nf6 {[%emt 0:00:20]} 2. Bf4 {[%emt 0:00:00]} g6 {[%emt 0:00:29]} 3. e3 {[%emt 0:00:14]} Bg7 {[%emt 0:00:13]} 4. Nf3 {[%emt 0:00:16]} O-O {[%emt 0:00:44]} 5. Be2 {[%emt 0:00:29]} d5 {[%emt 0:01:32]} 6. Nbd2 {[%emt 0:00:30]} c5 {[%emt 0:01:21]} 7. c3 {[%emt 0:00:09]} Nc6 {[%emt 0:00:58]} 8. O-O {[%emt 0:00:41]} Qb6 {[%emt 0:01:16]} 9. Qb3 {[%emt 0:00:36]} c4 {[%emt 0:01:10] D02: 1 d4 d5 2 Nf3 sidelines, including 2...Nf6 3 g3 and 2...Nf6 3 Bf4} 10. Qa3 {[%emt 0:00:20]} Nh5 {[%emt 0:18:38]} (10... Bf5 11. b3 cxb3 12. axb3 Nh5 13. Bg5 f6 14. Bh4 g5 15. Bg3 Nxg3 16. hxg3 {½-½ (68) Dreev,A (2698)-Shipov,S (2588) chessassistantclub.com INT 2004}) 11. Bg5 {[%emt 0:00:16]} Re8 {[%emt 0:04:19]} 12. b3 {[%emt 0:01:10]} cxb3 {[%emt 0:01:24]} 13. axb3 {[%emt 0:00:05]} h6 {[%emt 0:06:20]} 14. Bh4 {[%emt 0:00:12]} g5 {[%emt 0:01:23] [#]} 15. Bg3 $146 {[%emt 0:04:55]} ({Predecessor:} 15. Ne1 Nf6 16. Bg3 e5 17. Nef3 {½-½ (34) Tu,H (2506)-Causo,D (2367) Subic Bay 2009}) 15... Nxg3 {[%emt 0:00:10]} 16. hxg3 {[%emt 0:00:05]} Bg4 {[%emt 0:04:03]} 17. c4 {[%emt 0:21:29]} dxc4 {[%emt 0:10:37]} 18. bxc4 {[%emt 0:00:33]} e5 {[%emt 0:02:06]} 19. Rab1 {[%emt 0:01:55]} Qa5 {[%emt 0:04:43]} 20. Qxa5 {[%emt 0:08:03]} Nxa5 {[%emt 0:00:07]} 21. d5 {[%emt 0:26:13]} Rac8 {[%emt 0:05:05]} 22. e4 {[%emt 0:07:01]} Bf8 {[%emt 0:02:07]} 23. Rfc1 {[%emt 0:04:10]} b6 {[%emt 0:02:56]} 24. Nf1 {[%emt 0:04:02]} Bc5 {[%emt 0:01:15]} 25. N1h2 {[%emt 0:03:35]} Bd7 {[%emt 0:01:47]} 26. Nd2 {[%emt 0:02:53]} Kg7 {[%emt 0:00:34]} 27. Bg4 {[%emt 0:00:44]} Bxg4 {[%emt 0:00:36]} 28. Nxg4 {[%emt 0:00:04]} h5 {[%emt 0:01:29]} 29. Ne3 {[%emt 0:00:47]} Bxe3 {[%emt 0:00:24]} 30. fxe3 {[%emt 0:00:04]} Rc5 {[%emt 0:02:00]} 31. Rb5 {[%emt 0:11:27]} Rec8 {[%emt 0:00:48]} 32. Rxc5 {[%emt 0:00:05]} Rxc5 {[%emt 0:00:07]} 33. Ra1 {[%emt 0:00:10]} Kf6 {[%emt 0:05:26]} 34. Ra4 {[%emt 0:00:24]} Rc8 {[%emt 0:01:44]} 35. Kf2 {[%emt 0:00:33]} Ke7 {[%emt 0:02:20]} 36. Ke2 {[%emt 0:00:03]} Kd6 {[%emt 0:01:36]} 37. Kd3 {[%emt 0:00:22]} Ra8 {[%emt 0:00:54]} 38. Ra1 {[%emt 0:01:53]} Nb7 {[%emt 0:03:06]} 39. Rf1 {[%emt 0:00:15]} Nc5+ {[%emt 0:00:46]} 40. Kc3 {[%emt 0:00:00]} Ke7 {[%emt 0:00:45]} 41. Rh1 {[%emt 0:04:16]} Rh8 {[%emt 0:00:26]} 42. Ra1 {[%emt 0:05:06]} a5 {[%emt 0:00:41]} 43. Rb1 {[%emt 0:00:15]} g4 {[%emt 0:04:43]} 44. Kc2 {[%emt 0:11:23]} Rh6 {[%emt 0:00:14]} 45. Rh1 {[%emt 0:00:48]} Kf6 {[%emt 0:04:43]} 46. Rf1+ {[%emt 0:00:40]} Kg6 {[%emt 0:00:42]} 47. Rb1 {[%emt 0:01:43]} Kg5 {[%emt 0:01:15]} 48. Rf1 {[%emt 0:07:32]} Rf6 {[%emt 0:00:48]} 49. Rxf6 {[%emt 0:00:06]} Kxf6 {[%emt 0:00:05]} 50. Kb2 {[%emt 0:02:52]} Kg5 {[%emt 0:00:22]} 51. Nb3 {[%emt 0:02:11]} Nxe4 {[%emt 0:01:01]} 52. c5 {[%emt 0:00:04]} Nxc5 {[%emt 0:05:50]} 53. Nd2 {[%emt 0:00:35]} b5 {[%emt 0:00:58]} 54. Kc3 {[%emt 0:00:49]} Kf6 {[%emt 0:00:17]} 55. e4 {[%emt 0:01:50]} Ke7 {[%emt 0:00:15]} 56. Kc2 {[%emt 0:00:23]} Kd6 {[%emt 0:00:14]} 57. Kb2 {[%emt 0:00:35] [#]} f5 $19 {[%emt 0:00:41]} 58. exf5 {[%emt 0:00:04]} Kxd5 {[%emt 0:00:05]} 59. Kc3 {[%emt 0:00:22]} b4+ {[%emt 0:01:55]} 60. Kb2 {[%emt 0:00:26]} e4 {[%emt 0:00:41]} 61. Nf1 {[%emt 0:00:14]} Kd4 {[%emt 0:02:35]} 62. f6 {[%emt 0:00:26]} e3 {[%emt 0:00:26]} 0-1